00630 a2200169 4500003000500000005001700005040000900022082001200031100002200043245006100065250001100126260004300137300002400180505019500204600002200399650003900421Nust20221221091702.0 cNust a323,RUS aRussell, Bertrand aFreedom and organization 1814-1914 / cBertrand Russell, a3rd ed aGeorge Allen & Unwin LtdbLondonc1945 a528 pbillusc24 cm aPart I: The Principle of Legitimacy (Page-13), Part II: The March of Mind (Page-67), Part III: Democracy and Plutocracy In America (Page-259), Part IV: Nationalism and Imperialism (Page-389) aRussell, Bertrand aFreedom and organization 1814-1914